Prawda czy Fałsz [Geografia] #2 - Statystyki

Ogólne statystyki
  • Ten quiz został rozwiązany 5 790 razy
  • Średni wynik to 16 z 25
Statystyki odpowiedzi
Zagadnienie Odpowiedź % Poprawnych
Stolicą Brazylii jest São Paulo Fałsz
91%
Najwyższy szczyt świata, Mount Everest liczy 8 848 m n.p.m. Prawda
91%
Pierwszym alfabetycznie państwem jest Afganistan Prawda
86%
Dwa polskie województwa mają dwie stolice. Prawda
83%
Katar ma jeden z najmniejszych poziomów zalesienia- 0% Prawda
83%
Największym państwem w Afryce jest Algieria Prawda
83%
Flaga Tajlandii ma trzy kolory Prawda
80%
Walutą w Turcji są Jeny Fałsz
78%
W skład ZSRR wchodziła Mołdawia. Prawda
78%
Wyspy Svalbard należą do Norwegii Prawda
75%
Istnieją tylko trzy kraje w 100%-tach otoczone, przez inny kraj sąsiadujący. Prawda
74%
W Kalifornii mieszka więcej osób niż w Kanadzie. Prawda
74%
Największe PKB na osobę jest w Zjednoczonych Emiratach Arabskich Fałsz
66%
Kenia ma dostęp do morza. Prawda
66%
Najwięcej piramid ze wszystkich państw jest w Egipcie Fałsz
62%
Chile graniczy z trzema państwami. Prawda
60%
Flaga Niemiec, (patrząc na odpowiednią kolejność) ma kolory flagi, od góry: Czarny, Żółty, Czerwony. Fałsz
57%
Chiny zajmują czwarte miejsce na świecie pod względem wielkości powierzchni. Fałsz
54%
Najmniejszą gęstość zaludnienia ma Australia (nie liczą się tereny zależne) Fałsz
54%
Najmniejsze PKB na osobę jest w Somalii Prawda
51%
Najdalej wysuniętym punktem na południe w Europie jest Giblartar Fałsz
49%
Jest tylko 5 województw polskich, które nie graniczą z żadnym innym państwem. Prawda
49%
Serbia graniczy tylko z 7 państwami. Fałsz
45%
Waszyngton jest bardziej wysunięty na północ niż Paryż Fałsz
34%
Drugą najdłuższą rzeką, pod względem długości w obrębie polskich granic jest Odra. Fałsz
12%
Nie znaleziono quizów pasujących do podanych kryteriów
Rozkład punktacji
Procent ludzi z każdym wynikiem
Percentyl według liczby udzielonych odpowiedzi
Twoja historia wyników
Nie rozwiązałeś tego quizu